Guia dels centres d'ensenyament professional i artístic de Catalunya
Publicado:
Barcelona :
Generalitat de Catalunya. Departament d'Ensenyament. Secretaria General ,
1983
Descripción Física:
163 p. ; 24 cm
MARC
| LEADER | 00000nam a2200000Ia 4500 | ||
|---|---|---|---|
| 001 | 1262 | ||
| 008 | 160829s1983 xx 000 0 cat d | ||
| 080 | |a E-1-77 | ||
| 245 | |a Guia dels centres d'ensenyament professional i artístic de Catalunya | ||
| 260 | |a Barcelona : |b Generalitat de Catalunya. Departament d'Ensenyament. Secretaria General, |c 1983 | ||
| 300 | |a 163 p. ; |c 24 cm | ||
| 650 | |a Formació professional |x Catalunya |x Directoris |9 26764 | ||
| 710 | |a Catalunya. |b Departament d'Ensenyament |9 52899 | ||
| 901 | |a Arxiu | ||
| 942 | |n 1 | ||
| 952 | |0 0 |1 0 |4 0 |6 E177 |7 1 |9 44127 |a Arxiu |b Arxiu |d 2016-12-01 |l 0 |o E-1-77 |p 1262 |r 2016-12-01 00:00:00 |w 2016-12-01 |y ARXIU | ||
| 999 | |c 46707 |d 46707 | ||